[Event "12th American Continental"]
[Site "Medellin COL"]
[Date "2017.06.12"]
[Round "4.94"]
[White "Ramirez Gonzalez, Maria Jose"]
[Black "Florez, Carlos Julio"]
[Result "0-1"]
[WhiteElo "1824"]
[BlackElo "2039"]
[EventDate "2017.06.10"]
[PlyCount "62"]

1.d4 Nf6 2.Bf4 g6 3.Nf3 Bg7 4.e3 d6 5.h3 O-O 6.Be2 Nbd7 7.O-O c5 8.c3 b6 
9.Nbd2 Bb7 10.a4 a6 11.Bh2 Rc8 12.Qb1 cxd4 13.exd4 Qc7 14.Re1 Rfe8 15.Bd3 
Nd5 16.Qa2 Bh6 17.Bc4 N7f6 18.Bb3 e6 19.Qa3 Rcd8 20.Nc4 Bf4 21.Bxf4 Nxf4 
22.Ncd2 e5 23.Ng5 Re7 24.dxe5 dxe5 25.Nge4 Nxe4 26.Nxe4 Kg7 27.a5 Red7 28.
axb6 Qxb6 29.Nc5 Qc6 30.f3 Rd2 31.g3 Qxf3 0-1

[Event "12th American Continental"]
[Site "Medellin COL"]
[Date "2017.06.12"]
[Round "4.96"]
[White "Ramos Arboleda, Dellys Carolina"]
[Black "Gallego Lopez, Julian Andres"]
[Result "0-1"]
[WhiteElo "1664"]
[BlackElo "2027"]
[EventDate "2017.06.10"]
[PlyCount "84"]

1.e4 c5 2.Nf3 e6 3.c4 a6 4.Nc3 Nc6 5.d3 Qc7 6.g3 Rb8 7.Be3 b5 8.cxb5 axb5 
9.Rc1 d6 10.d4 c4 11.d5 Nd8 12.Qd2 e5 13.Nxb5 Rxb5 14.Bxc4 Rc5 15.Bb5+ Bd7
16.Bxd7+ Kxd7 17.Bxc5 dxc5 18.Qc3 Bd6 19.Ke2 Nf6 20.Nd2 Nb7 21.f3 Ra8 22.
Qb3 Ke7 23.Rhf1 Na5 24.Qe3 Qb8 25.b3 Nb7 26.Rc2 h6 27.f4 Ng4 28.Qg1 Ra6 
29.Nc4 Nf6 30.Qe3 Ng4 31.Qg1 Nf6 32.Qe3 Nd7 33.Qd3 Qa8 34.a4 f6 35.Qf3 Na5
36.Ne3 g6 37.Ng4 h5 38.fxe5 Bxe5 39.Nxe5 Nxe5 40.Qc3 Rd6 41.Qxc5 Nxb3 42.
Qb4 Qa6+ 0-1

[Event "12th American Continental"]
[Site "Medellin COL"]
[Date "2017.06.12"]
[Round "4.97"]
[White "Gomez Barrero, Sergio"]
[Black "Florez Castro, Estiven"]
[Result "0-1"]
[WhiteElo "2023"]
[BlackElo "1820"]
[EventDate "2017.06.10"]
[PlyCount "68"]

1.e4 c5 2.Nc3 Nc6 3.Nf3 g6 4.d4 cxd4 5.Nxd4 Bg7 6.Be3 Nf6 7.Be2 O-O 8.Qd2 
d5 9.Nxc6 bxc6 10.Rd1 e6 11.h4 Qc7 12.Bh6 dxe4 13.Bxg7 Kxg7 14.h5 Qe5 15.
Rh3 a5 16.hxg6 fxg6 17.Qh6+ Kg8 18.g4 Ra7 19.Qe3 Raf7 20.f4 Qc7 21.f5 exf5
22.Bc4 f4 23.Qd4 Bxg4 24.Qxf6 Bxh3 25.Nxe4 Re8 26.Bxf7+ Qxf7 27.Rd8 Qxf6 
28.Rxe8+ Qf8 29.Nf6+ Kf7 30.Rxf8+ Kxf8 31.Nxh7+ Kg7 32.Ng5 Bf5 33.c3 Kf6 
34.Nf3 g5 0-1

[Event "12th American Continental"]
[Site "Medellin COL"]
[Date "2017.06.12"]
[Round "4.98"]
[White "Correa, Daniel"]
[Black "Torres Rojas, Yuber Andres"]
[Result "0-1"]
[WhiteElo "1595"]
[BlackElo "2022"]
[EventDate "2017.06.10"]
[PlyCount "59"]

1.d4 d5 2.c4 g6 3.Nc3 Nf6 4.Nf3 Bg7 5.e3 O-O 6.Bd2 c6 7.Bd3 Nbd7 8.O-O 
dxc4 9.Bxc4 Nb6 10.Bd3 Be6 11.Qe2 Rc8 12.Ng5 Qd7 13.Nce4 Nxe4 14.Nxe4 Bf5 
15.Nc5 Bxd3 16.Qxd3 Qc7 17.Qb3 e5 18.Bc3 exd4 19.Bxd4 Bxd4 20.exd4 Rb8 21.
Rfe1 Nd5 22.Re5 Qd8 23.Rd1 b6 24.Ne4 Nf6 25.Qf3 Nxe4 26.Qxe4 Qf6 27.Re7 
Rbd8 28.Qe5 Qxe5 29.Rxe5 Rd7 30.Kf1 0-1

[Event "12th American Continental"]
[Site "Medellin COL"]
[Date "2017.06.12"]
[Round "4.99"]
[White "Abril Guiza, Mauricio"]
[Black "Zapata, Olga Maria"]
[Result "0-1"]
[WhiteElo "2020"]
[BlackElo "1715"]
[EventDate "2017.06.10"]
[PlyCount "73"]

1.d4 d5 2.Bf4 Bf5 3.c4 e6 4.Nc3 Nf6 5.e3 Bd6 6.Bg5 c6 7.Qb3 b6 8.Nf3 Nbd7 
9.Be2 h6 10.Bh4 O-O 11.O-O Rc8 12.cxd5 cxd5 13.Rac1 g5 14.Bg3 Bxg3 15.hxg3
Bg6 16.Ba6 Rc7 17.Nb5 Rxc1 18.Rxc1 Nb8 19.Rc8 Qe7 20.Rc7 Qd8 21.Rxa7 Nxa6 
22.Rxa6 Qc8 23.Nc7 Qxc7 24.Ne5 Rb8 25.f3 Kg7 26.Qa3 Ne8 27.Ra7 Rb7 28.Ra8 
Nd6 29.Kh2 Nc8 30.Qa6 Rb8 31.Rxb8 Qxb8 32.Qb5 Qc7 33.b3 Nd6 34.Qb4 f6 35.
Ng4 h5 36.Nf2 Nf7 37.f4 0-1

[Event "12th American Continental"]
[Site "Medellin COL"]
[Date "2017.06.12"]
[Round "4.112"]
[White "Serrato, Rafael Antonio"]
[Black "Morera Campos, Yanori Maria"]
[Result "0-1"]
[WhiteElo "1836"]
[BlackElo "1882"]
[EventDate "2017.06.10"]
[PlyCount "72"]

1.d4 d5 2.Nf3 Nf6 3.Bf4 c5 4.e3 Qb6 5.Qc1 Nc6 6.c3 Bf5 7.Nbd2 e6 8.Be2 h6 
9.h3 Be7 10.g4 Be4 11.Nxe4 Nxe4 12.Nd2 Nf6 13.Rb1 Rc8 14.Qd1 Qd8 15.Qb3 
Qb6 16.Qd1 Nd7 17.Nf3 Nf6 18.O-O Ne4 19.Nd2 Nf6 20.Bh2 Bd8 21.Bd3 Bc7 22.
f4 cxd4 23.cxd4 Nxd4 24.Kh1 Nc6 25.Bg1 Qb4 26.a3 Qe7 27.e4 dxe4 28.Nxe4 
Nd5 29.f5 Nf4 30.f6 gxf6 31.Bc5 Qd8 32.Bb5 Nd5 33.Qxd5 Qxd5 34.Rfe1 Be5 
35.Rbd1 Qb3 36.Bb4 Qxh3+ 0-1

[Event "12th American Continental"]
[Site "Medellin COL"]
[Date "2017.06.13"]
[Round "5.2"]
[White "Cruz Sanchez, Cristhian"]
[Black "Fier, Alexandr"]
[Result "1/2-1/2"]
[WhiteElo "2558"]
[BlackElo "2576"]
[EventDate "2017.06.10"]
[PlyCount "53"]

1.d4 Nf6 2.c4 e6 3.Nc3 Bb4 4.e3 O-O 5.Bd3 c5 6.Ne2 cxd4 7.exd4 d5 8.cxd5 
Nxd5 9.O-O Nc6 10.Be4 Nf6 11.Bf3 h6 12.Qa4 Bd6 13.Bxc6 bxc6 14.Bf4 Bxf4 
15.Nxf4 Qb6 16.b3 Bb7 17.Nd3 Ba6 18.Rfd1 Bxd3 19.Rxd3 Rfd8 20.Qc4 Rd6 21.
Rad1 Rad8 22.h3 Nd5 23.Ne4 R6d7 24.Nc5 Rd6 25.Ne4 R6d7 26.Nc5 Rd6 27.Ne4 
1/2-1/2

[Event "12th American Continental"]
[Site "Medellin COL"]
[Date "2017.06.13"]
[Round "5.4"]
[White "Iturrizaga Bonelli, Eduardo"]
[Black "Mekhitarian, Krikor Sevag"]
[Result "1/2-1/2"]
[WhiteElo "2663"]
[BlackElo "2542"]
[EventDate "2017.06.10"]
[PlyCount "81"]

1.Nf3 c5 2.c4 Nf6 3.g3 d5 4.Bg2 Nc6 5.O-O d4 6.e3 e5 7.exd4 exd4 8.Re1+ 
Be7 9.d3 O-O 10.Ne5 Nxe5 11.Rxe5 Bd6 12.Re1 h6 13.Nd2 Rb8 14.Ne4 Nxe4 15.
Bxe4 Qd7 16.Bd2 b6 17.Qf3 Qg4 18.Qg2 Bf5 19.Bxf5 Qxf5 20.Re4 Rfe8 21.Rae1 
Rxe4 22.Rxe4 h5 23.b3 a5 24.a4 Rd8 25.h4 Kf8 26.Bf4 Bxf4 27.Qf3 Re8 28.
Rxf4 Qh3 29.Re4 Rxe4 30.Qxe4 g6 31.Qe5 Qe6 32.Qxe6 fxe6 33.Kg2 e5 34.Kf3 
Kf7 35.Ke4 Ke6 36.f3 Kd6 37.g4 Ke6 38.gxh5 gxh5 39.f4 exf4 40.Kxf4 Kf6 41.
Ke4 1/2-1/2

[Event "12th American Continental"]
[Site "Medellin COL"]
[Date "2017.06.13"]
[Round "5.7"]
[White "Ramirez Alvarez, Alejandro"]
[Black "Cori Tello, Jorge"]
[Result "0-1"]
[WhiteElo "2552"]
[BlackElo "2618"]
[EventDate "2017.06.10"]
[PlyCount "120"]

1.c4 Nf6 2.Nc3 e5 3.g3 Nc6 4.Bg2 g6 5.d3 Bg7 6.e4 d6 7.Nge2 O-O 8.O-O Be6 
9.h3 Qd7 10.Kh2 Ne8 11.Be3 f5 12.Qd2 Nf6 13.Nd5 Rf7 14.exf5 gxf5 15.Nec3 
Kh8 16.f4 Rg8 17.Rae1 Ne8 18.Qe2 Rff8 19.Bh1 Nd8 20.fxe5 dxe5 21.Bg5 Nc6 
22.Qh5 Rf7 23.Qh4 a6 24.Bf3 Rff8 25.g4 e4 26.dxe4 fxg4 27.Bxg4 Bxg4 28.
hxg4 Ne5 29.Kg3 Ng6 30.Qh5 Be5+ 31.Kg2 Ng7 32.Qh3 Ne6 33.Bh6 Ngf4+ 34.Nxf4
Nxf4+ 35.Bxf4 Rxg4+ 36.Kh1 Rfxf4 37.Rxf4 Rg1+ 38.Kxg1 Qxh3 39.Rf2 Bd4 40.
Re2 h5 41.Nd5 h4 42.Nf4 Qg3+ 43.Kf1 Bxf2 44.Rxf2 h3 45.Ne2 Qe3 46.Rf4 a5 
47.b3 c6 48.Rh4+ Kg7 49.Rg4+ Kf6 50.Rg3 Qxe4 51.Rxh3 Qb1+ 52.Kf2 Qxa2 53.
Re3 Qd2 54.Kf3 Qd1 55.Kf2 Kf7 56.Nf4 b5 57.cxb5 cxb5 58.Ne6 Qd2+ 59.Kf3 
Qd5+ 60.Kf4 Kf6 0-1

[Event "12th American Continental"]
[Site "Medellin COL"]
[Date "2017.06.13"]
[Round "5.8"]
[White "Hungaski, Robert"]
[Black "Sevian, Samuel"]
[Result "0-1"]
[WhiteElo "2492"]
[BlackElo "2601"]
[EventDate "2017.06.10"]
[PlyCount "106"]

1.c4 e5 2.g3 Nf6 3.Bg2 d5 4.cxd5 Nxd5 5.Nc3 Nb6 6.Nf3 Nc6 7.O-O Be7 8.d3 
O-O 9.Be3 Re8 10.Rc1 Bf8 11.a3 Nd4 12.Bxd4 exd4 13.Ne4 a5 14.Re1 c6 15.Nc5
a4 16.Qd2 g6 17.Rc2 Bg7 18.Kf1 Ra7 19.Qg5 Bf6 20.Qc1 Bg7 21.Qg5 Ra5 22.
Qxd8 Rxd8 23.Rb1 Bf8 24.b4 axb3 25.Nxb3 Rb5 26.Rcc1 Bxa3 27.Nbxd4 Rxb1 28.
Rxb1 Nd5 29.Nc2 Be7 30.Nd2 Nc3 31.Ra1 Bf6 32.Ra7 Bg4 33.Bf3 Bh3+ 34.Ke1 
Bc8 35.Nc4 Nb5 36.Ra4 Bh3 37.Kd2 Be6 38.Nb6 Bb3 39.Ra8 Bxc2 40.Kxc2 Nd4+ 
41.Kd2 Nxf3+ 42.exf3 Rxa8 43.Nxa8 Bd8 44.Kc3 Kf8 45.Kc4 b6 46.d4 Ke7 47.d5
c5 48.f4 Kd6 49.g4 b5+ 50.Kxb5 Kxd5 51.f5 gxf5 52.gxf5 c4 53.Kb4 Kd4 0-1

[Event "12th American Continental"]
[Site "Medellin COL"]
[Date "2017.06.13"]
[Round "5.9"]
[White "Peralta, Fernando"]
[Black "Cori Quispe, Kevin Joel"]
[Result "1/2-1/2"]
[WhiteElo "2569"]
[BlackElo "2390"]
[EventDate "2017.06.10"]
[PlyCount "100"]

1.d4 Nf6 2.c4 e6 3.Nf3 Bb4+ 4.Nbd2 O-O 5.a3 Be7 6.e4 d6 7.Be2 c5 8.d5 e5 
9.Qc2 g6 10.Nf1 Nh5 11.Bh6 Ng7 12.h4 Nd7 13.h5 Nf6 14.hxg6 fxg6 15.Ne3 
Qa5+ 16.Kf1 Ng4 17.Nxg4 Bxg4 18.Qd2 Qxd2 19.Nxd2 Bd7 20.g3 a6 21.Kg2 b5 
22.b4 Rfc8 23.Rhc1 Ne8 24.Be3 Rab8 25.Rab1 cxb4 26.axb4 bxc4 27.Nxc4 Bb5 
28.Bf1 Bd8 29.f4 exf4 30.gxf4 Rb7 31.Kf3 Re7 32.Bd4 Rec7 33.Bb6 Rxc4 34.
Bxc4 Bxb6 35.Bxb5 Rxc1 36.Rxc1 axb5 37.Rc8 Kf7 38.Rb8 Bd4 39.Rxb5 Nf6 40.
Ra5 Ke7 41.b5 h6 42.Ra4 Bc5 43.Ra6 Nd7 44.e5 g5 45.exd6+ Bxd6 46.fxg5 hxg5
47.b6 Kf6 48.b7 Ke5 49.Kg4 Kxd5 50.Kxg5 Nb8 1/2-1/2

[Event "12th American Continental"]
[Site "Medellin COL"]
[Date "2017.06.13"]
[Round "5.10"]
[White "Tang, Andrew"]
[Black "Shabalov, Alexander"]
[Result "1-0"]
[WhiteElo "2461"]
[BlackElo "2556"]
[EventDate "2017.06.10"]
[PlyCount "107"]

1.d4 d5 2.Bf4 Nf6 3.e3 c5 4.dxc5 Nc6 5.Bb5 g6 6.Nf3 Bg7 7.Nc3 O-O 8.Bxc6 
bxc6 9.Be5 Ba6 10.Qd4 Qc8 11.O-O-O Rd8 12.h3 Rd7 13.g4 Rb7 14.Qa4 Bb5 15.
Qa3 Bf8 16.Bxf6 exf6 17.Nd4 Rab8 18.Ndxb5 Rxb5 19.Nxb5 Rxb5 20.c3 Bxc5 21.
Qa4 Bb6 22.Rd2 Ra5 23.Qb3 Qe6 24.Rhd1 Qe4 25.Qc2 Qxc2+ 26.Rxc2 Rxa2 27.c4 
Ra1+ 28.Kd2 Ra4 29.cxd5 cxd5 30.Kc3 h5 31.Kb3 Ra5 32.gxh5 g5 33.Rcd2 Rb5+ 
34.Ka2 Ra5+ 35.Kb1 d4 36.exd4 Rd5 37.Kc2 Kg7 38.Kb3 Kh6 39.Kc4 Rd6 40.d5 
Kxh5 41.Re2 f5 42.Re8 f4 43.Rh8+ Kg6 44.f3 f5 45.Rd2 Kg7 46.Rc8 g4 47.hxg4
fxg4 48.fxg4 f3 49.Rc6 Rd8 50.Rxb6 axb6 51.Rf2 Rf8 52.Kd4 Rf4+ 53.Ke5 Rb4 
54.Rxf3 1-0

[Event "12th American Continental"]
[Site "Medellin COL"]
[Date "2017.06.13"]
[Round "5.11"]
[White "Bacallao Alonso, Yusnel"]
[Black "Henao, Bernardo Andres"]
[Result "1/2-1/2"]
[WhiteElo "2554"]
[BlackElo "2059"]
[EventDate "2017.06.10"]
[PlyCount "112"]

1.b3 Nf6 2.Bb2 d5 3.Nf3 Bf5 4.e3 e6 5.c4 c6 6.Nc3 Nbd7 7.d4 Bd6 8.Bd3 Bg6 
9.O-O O-O 10.Bxg6 hxg6 11.Qd3 e5 12.cxd5 cxd5 13.dxe5 Nxe5 14.Qd1 Nxf3+ 
15.Qxf3 Be5 16.Rfd1 Qa5 17.Rac1 Rad8 18.a3 d4 19.b4 Qa6 20.Ne2 d3 21.Nd4 
Rc8 22.b5 Qa4 23.Rb1 Bxd4 24.Bxd4 Qxa3 25.Qxb7 Ra8 26.Qa6 Qxa6 27.bxa6 
Rfb8 28.f3 Rxb1 29.Rxb1 Nd5 30.Kf2 Rc8 31.Rd1 Rc2+ 32.Kg3 Nb4 33.Bxa7 d2 
34.e4 Nxa6 35.Be3 Nc5 36.Rxd2 Rxd2 37.Bxd2 f5 38.exf5 gxf5 39.Kf4 g6 40.
Kg5 Kf7 41.Kh6 Ne6 42.Bc3 Nf4 43.g3 Ne2 44.Bb2 Ng1 45.f4 Nf3 46.h3 Ng1 47.
Bd4 Nxh3 48.Be3 Kf6 49.Bb6 Kf7 50.Bd4 g5 51.fxg5 f4 52.g6+ Kg8 53.Kh5 fxg3
54.Kg4 g2 55.Kxh3 g1=Q 56.Bxg1 Kg7 1/2-1/2

[Event "12th American Continental"]
[Site "Medellin COL"]
[Date "2017.06.13"]
[Round "5.12"]
[White "Cordova Daza, Emilio"]
[Black "Ynojosa Aponte, Felix Jose"]
[Result "1/2-1/2"]
[WhiteElo "2651"]
[BlackElo "2395"]
[EventDate "2017.06.10"]
[PlyCount "119"]

1.Nf3 c5 2.e3 Nf6 3.d4 e6 4.Bd3 d5 5.b3 Nc6 6.Bb2 b6 7.Nbd2 Bb7 8.O-O Bd6 
9.Re1 O-O 10.e4 dxe4 11.Nxe4 cxd4 12.Nxd6 Qxd6 13.Nxd4 Rad8 14.Nb5 Qf4 15.
g3 Qg5 16.Ba3 g6 17.h4 Qd5 18.Bc4 Qf5 19.Nd6 Rxd6 20.Qxd6 Rd8 21.Qf4 Qxf4 
22.gxf4 Nd4 23.Red1 Nh5 24.f3 Bxf3 25.Be7 Rd7 26.Bb5 Bxd1 27.Bxd7 Bxc2 28.
Bd6 Nxf4 29.Bxf4 Ne2+ 30.Kh2 Nxf4 31.Rc1 Be4 32.Rc8+ Kg7 33.Rc7 a5 34.Be8 
Kf6 35.Rxf7+ Ke5 36.Rxh7 g5 37.Rh6 gxh4 38.Rxh4 Ne2 39.Rh5+ Bf5 40.Ba4 Nc3
41.Rh8 b5 42.Bxb5 Nxb5 43.Ra8 Kf4 44.Rxa5 Nd4 45.b4 Kf3 46.Kg1 Bd3 47.a4 
Nc6 48.Rh5 Nxb4 49.Rh3+ Ke2 50.Rh4 Na6 51.Kg2 e5 52.Kg3 Ke3 53.a5 e4 54.
Rh8 Kd2 55.Rh2+ Kc3 56.Kf4 Nb4 57.Rh6 Kd4 58.Rd6+ Nd5+ 59.Kg3 Kc5 60.Rh6 
1/2-1/2

[Event "12th American Continental"]
[Site "Medellin COL"]
[Date "2017.06.13"]
[Round "5.16"]
[White "Kaidanov, Gregory"]
[Black "Zavarce, Oscar Enrique"]
[Result "1/2-1/2"]
[WhiteElo "2550"]
[BlackElo "2364"]
[EventDate "2017.06.10"]
[PlyCount "56"]

1.Nf3 c5 2.c4 b6 3.e3 Nf6 4.d4 cxd4 5.exd4 e6 6.Nc3 Bb7 7.Bd3 Be7 8.O-O d5
9.cxd5 Nxd5 10.Ne5 O-O 11.Qg4 Nf6 12.Qg3 Nc6 13.Rd1 Nb4 14.Bh6 Ne8 15.Bb5 
Bh4 16.Qg4 f5 17.Qh5 Nc7 18.Bf4 Nxb5 19.Nxb5 Qd5 20.f3 Qxb5 21.Qxh4 Nd5 
22.Nd3 Rac8 23.Rd2 Rc4 24.Be5 Rfc8 25.Re1 Rc2 26.Qg5 Qd7 27.Ree2 Rxd2 28.
Rxd2 h6 1/2-1/2

[Event "12th American Continental"]
[Site "Medellin COL"]
[Date "2017.06.13"]
[Round "5.17"]
[White "Morovic Fernandez, Ivan"]
[Black "Valenzuela Gomez, Fernando"]
[Result "1/2-1/2"]
[WhiteElo "2537"]
[BlackElo "2377"]
[EventDate "2017.06.10"]
[PlyCount "77"]

1.d4 g6 2.Nf3 Bg7 3.c4 Nf6 4.Nc3 d5 5.Bf4 O-O 6.Rc1 dxc4 7.e3 Be6 8.Ng5 
Bd5 9.e4 h6 10.exd5 hxg5 11.Bxg5 Nxd5 12.Bxc4 Nb6 13.Bb3 Nc6 14.d5 Nd4 15.
O-O Nxb3 16.Qxb3 Bxc3 17.Rxc3 Qxd5 18.Bxe7 Qxb3 19.Rxb3 Rfe8 20.Bh4 Re2 
21.Bg3 Re7 22.h4 c6 23.Bd6 Rd7 24.Bc5 Nd5 25.Rd1 b6 26.Be3 Re7 27.Bd2 Re4 
28.Rd3 Rxh4 29.Rc1 Nf4 30.Bxf4 Rxf4 31.Rxc6 Re8 32.g3 Re1+ 33.Kg2 Rf5 34.
Rc2 Re7 35.Rcd2 Kg7 36.Rd7 Rxd7 37.Rxd7 Ra5 38.a3 Rb5 39.Rxa7 1/2-1/2

[Event "12th American Continental"]
[Site "Medellin COL"]
[Date "2017.06.13"]
[Round "5.18"]
[White "Baules, Jorge"]
[Black "Vera Siguenas, Deivy"]
[Result "1/2-1/2"]
[WhiteElo "2355"]
[BlackElo "2526"]
[EventDate "2017.06.10"]
[PlyCount "115"]

1.d4 Nf6 2.c4 g6 3.g3 Bg7 4.Bg2 O-O 5.Nc3 d6 6.Nf3 Nc6 7.O-O Bf5 8.Ne1 e5 
9.d5 Ne7 10.e4 Bd7 11.Nd3 Ne8 12.f4 exf4 13.gxf4 c6 14.Be3 cxd5 15.cxd5 
Kh8 16.a4 Nc7 17.Qb3 Bc8 18.Nb5 Nxb5 19.axb5 Bg4 20.Rfe1 Nc8 21.Nf2 Bd7 
22.Qb4 Re8 23.Bd4 Qh4 24.e5 Qxf4 25.Re4 Qg5 26.exd6 Nb6 27.Qc3 Qh6 28.Re7 
Rac8 29.Rae1 Bxd4 30.Qxd4+ Qg7 31.Qf4 Rf8 32.b3 g5 33.Qe4 Bxb5 34.d7 Bxd7 
35.Nd3 Kg8 36.Ne5 Rcd8 37.Rf1 Be8 38.Rxb7 Nxd5 39.Qd4 Nf4 40.Qxd8 Qxe5 41.
Qe7 Qf5 42.Rb8 Qe6 43.Qxg5+ Ng6 44.Bd5 Qe2 45.Qg3 Qd2 46.Rxe8 Qxd5 47.
Rxf8+ Kxf8 48.Qb8+ Kg7 49.Qg3 a5 50.Qc3+ Ne5 51.Qg3+ Kf8 52.Qf4 Qc5+ 53.
Qf2 Qd5 54.Qf6 Qc5+ 55.Qf2 Qd5 56.Qf6 Qc5+ 57.Qf2 Qd5 58.Qf6 1/2-1/2

[Event "12th American Continental"]
[Site "Medellin COL"]
[Date "2017.06.13"]
[Round "5.19"]
[White "Aranha Filho, Alvaro Zimmermann"]
[Black "Garcia Pantoja, Roberto"]
[Result "0-1"]
[WhiteElo "2355"]
[BlackElo "2500"]
[EventDate "2017.06.10"]
[PlyCount "118"]

1.d4 Nf6 2.c4 e6 3.Nf3 d5 4.Nc3 Be7 5.Bg5 O-O 6.e3 h6 7.Bh4 b6 8.Bd3 dxc4 
9.Bxc4 Bb7 10.O-O Nbd7 11.Qe2 Ne4 12.Bxe7 Qxe7 13.Nxe4 Bxe4 14.Bd3 Bxd3 
15.Qxd3 c5 16.Qa3 Rfd8 17.Rfd1 Kf8 18.Rac1 cxd4 19.Qxe7+ Kxe7 20.Nxd4 Rdc8
21.Kf1 g6 22.Ke2 a5 23.Nb5 Rxc1 24.Rxc1 Nc5 25.Rc2 g5 26.f3 f5 27.Rd2 Rc8 
28.Na7 Rc7 29.Nb5 Rc8 30.Na7 Rc7 31.Nb5 Rd7 32.Nd4 Rd6 33.Nb5 Rd7 34.Nd4 
Kf6 35.Nb5 Rxd2+ 36.Kxd2 Ke5 37.Na3 Kd5 38.b3 Nd7 39.Kd3 Ne5+ 40.Ke2 Nc6 
41.Nc2 e5 42.g3 b5 43.h4 gxh4 44.gxh4 h5 45.Kd3 e4+ 46.Ke2 Kc5 47.f4 Nb4 
48.Kd2 Nxa2 49.Nd4 Nb4 50.Nxf5 Nd5 51.Ng3 Kb4 52.Nxe4 Kxb3 53.Nc5+ Kc4 54.
Nd3 a4 55.e4 a3 56.Ne5+ Kb3 57.Nd3 Nxf4 58.Nc1+ Kb2 59.e5 a2 0-1

[Event "12th American Continental"]
[Site "Medellin COL"]
[Date "2017.06.13"]
[Round "5.22"]
[White "Guerrero Sierra, Juan Carlos"]
[Black "Terry Lujan, Renato Alfredo"]
[Result "1/2-1/2"]
[WhiteElo "2303"]
[BlackElo "2454"]
[EventDate "2017.06.10"]
[PlyCount "145"]

1.e4 c6 2.d4 d5 3.Nc3 g6 4.Nf3 Bg7 5.h3 Nh6 6.Bd3 f6 7.O-O Nf7 8.Ne2 dxe4 
9.Bxe4 O-O 10.c3 Re8 11.Qb3 Qb6 12.Bc2 Nd7 13.Nf4 Nf8 14.Re1 e6 15.h4 Bd7 
16.Nd3 Qxb3 17.Bxb3 Rad8 18.Bf4 Bc8 19.Bc7 Rd7 20.Bb8 b6 21.Bg3 Nd6 22.
Rad1 Ba6 23.Nb4 Bb7 24.Ba4 Rc8 25.d5 exd5 26.Nxd5 Nf5 27.Nf4 Rxd1 28.Bxd1 
c5 29.Bc2 Bh6 30.Be4 Bxe4 31.Rxe4 Nxg3 32.fxg3 Bxf4 33.gxf4 Kf7 34.g4 Rd8 
35.Kf2 Ne6 36.Ke2 a5 37.Ke3 Ng7 38.b4 axb4 39.cxb4 Ra8 40.bxc5 Ra3+ 41.Kf2
Rxa2+ 42.Re2 Rxe2+ 43.Kxe2 bxc5 44.Kd3 Ke6 45.Kc4 Kd6 46.Nd2 f5 47.gxf5 
gxf5 48.Nf1 Nh5 49.Ne3 Ng3 50.Kb5 Ne4 51.Nxf5+ Kd5 52.Ne7+ Kd4 53.Nc6+ Kd5
54.Ne7+ Ke6 55.Nc6 Kf5 56.Kc4 Kxf4 57.Kd5 h5 58.Ne7 Nd2 59.Kxc5 Nf3 60.Kc4
Nxh4 61.Kd3 Kf3 62.Kd2 Kf2 63.Kd3 Kf3 64.Kd2 Kf2 65.Kd3 Ng2 66.Ng6 Kf3 67.
Kd2 Kf2 68.Kd3 Ne1+ 69.Ke4 Kg3 70.Ke3 Nf3 71.Nf4 h4 72.Nh5+ Kg2 73.Nf4+ 
1/2-1/2

[Event "12th American Continental"]
[Site "Medellin COL"]
[Date "2017.06.13"]
[Round "5.23"]
[White "Mendoza Vega, Rafael"]
[Black "Pulvett Marin, Daniel"]
[Result "1/2-1/2"]
[WhiteElo "2293"]
[BlackElo "2437"]
[EventDate "2017.06.10"]
[PlyCount "33"]

1.e4 c5 2.Nf3 e6 3.d4 cxd4 4.Nxd4 a6 5.g3 d5 6.e5 Nc6 7.Nxc6 bxc6 8.Bg2 
Ne7 9.O-O Ng6 10.Re1 Bb4 11.Nd2 O-O 12.c3 Be7 13.Nf3 f6 14.exf6 Bxf6 15.h4
Re8 16.h5 Nh8 17.Bf4 1/2-1/2

[Event "12th American Continental"]
[Site "Medellin COL"]
[Date "2017.06.13"]
[Round "5.25"]
[White "Zapata, Alonso"]
[Black "Cortes Orihuela, Javier"]
[Result "1-0"]
[WhiteElo "2420"]
[BlackElo "2235"]
[EventDate "2017.06.10"]
[PlyCount "89"]

1.e4 c5 2.Nf3 d6 3.d4 cxd4 4.Nxd4 Nf6 5.Nc3 a6 6.g3 e5 7.Nb3 Qc7 8.Bg2 
Nbd7 9.O-O b5 10.Re1 Bb7 11.a4 b4 12.Na2 Nc5 13.Nxb4 Ncxe4 14.Rxe4 Nxe4 
15.Nd5 Qc4 16.Nb6 Qc6 17.Be3 Rd8 18.Na5 Qc7 19.Nxb7 Qxb7 20.c4 f5 21.a5 
Be7 22.g4 f4 23.Bd2 d5 24.Nxd5 Nxf2 
    ( 24...Rxd5 25.f3 )
25.Kxf2 Bc5+ 26.Ke2 Qxb2 27.Qa4+ Kf7 28.Rf1 Rhe8 29.Be4 Kg8 30.Qc2 Qd4 31.
Bxh7+ Kh8 32.Be4 g5 33.Qd3 Kg7 34.Bc3 Qxd3+ 35.Kxd3 Rd6 36.h4 Rh6 37.h5 
Rd6 38.Rb1 Rd7 39.Bg6 Red8 40.Bxe5+ Kh6 41.Ke4 f3 42.Kxf3 Rf8+ 43.Bf5 Rdf7
44.Re1 Be3 45.Kxe3 1-0

[Event "12th American Continental"]
[Site "Medellin COL"]
[Date "2017.06.13"]
[Round "5.29"]
[White "Arenas Vanegas, David"]
[Black "Saltos Velez, Adrian"]
[Result "1-0"]
[WhiteElo "2488"]
[BlackElo "2099"]
[EventDate "2017.06.10"]
[PlyCount "107"]

1.e4 e5 2.Bc4 Nf6 3.d3 Bc5 4.Nf3 Nc6 5.c3 O-O 6.Bg5 Be7 7.Nbd2 d6 8.Bb3 h6
9.Bh4 Nh5 10.Bg3 Bg4 11.Nf1 Na5 12.Bc2 Nxg3 13.hxg3 c5 14.Ne3 Be6 15.Nh4 
Bg5 16.Nhf5 Bxe3 17.Nxe3 d5 18.exd5 Bxd5 19.Qg4 Be6 20.Qe4 Nc6 21.g4 g6 
22.Rxh6 Kg7 23.Rh2 Qb6 24.O-O-O Rh8 25.Rdh1 Rxh2 26.Rxh2 Rh8 27.Rxh8 Kxh8 
28.Ba4 Qc7 29.g5 Ne7 30.Bb3 Bxb3 31.axb3 Kg7 32.Ng4 Nc6 33.Qe3 b6 34.Qh3 
Kf8 35.Qh8+ Ke7 36.Qf6+ Ke8 37.Kc2 a5 38.Ne3 Ne7 39.Nc4 Nc8 40.Nxe5 Nd6 
41.Nc4 Nxc4 42.bxc4 Kf8 43.f4 Qb7 44.Qh8+ Ke7 45.Qe5+ Kf8 46.Qd5 Qe7 47.
Qe4 Qd7 48.Kb3 Qg4 49.Qf3 Qe6 50.Qh3 Qc6 51.Qh8+ Ke7 52.Qf6+ Qxf6 53.gxf6+
Kxf6 54.d4 1-0

[Event "12th American Continental"]
[Site "Medellin COL"]
[Date "2017.06.13"]
[Round "5.34"]
[White "Vazquez Colman, Guillermo"]
[Black "Herrera Betancourt, Juan Sebastian"]
[Result "1/2-1/2"]
[WhiteElo "2443"]
[BlackElo "2220"]
[EventDate "2017.06.10"]
[PlyCount "128"]

1.e4 c5 2.Nf3 e6 3.d4 cxd4 4.Nxd4 a6 5.Bd3 Nf6 6.O-O Qc7 7.Qe2 d6 8.c4 g6 
9.Nc3 Bg7 10.Rd1 O-O 11.h3 Nbd7 12.Nf3 b6 13.Be3 Bb7 14.Rac1 Rac8 15.Bf4 
Nh5 16.Be3 Nhf6 17.b3 Qb8 18.Bb1 Rfe8 19.Bf4 Rc6 20.Nd4 Rcc8 21.Nf3 Rc6 
22.Qd2 Bf8 23.Re1 Nh5 24.Bh6 Bxh6 25.Qxh6 Qd8 26.Qe3 Qf6 27.Rcd1 Rd8 28.
Rd2 Ne5 29.Nd4 Rcc8 30.Nde2 Rc6 31.f4 Nd7 32.Red1 Qe7 33.Kh2 Ng7 34.Qf2 
Ne8 35.Qg3 Rcc8 36.Bc2 Ndf6 37.Qe3 Qc7 38.a4 Rd7 39.Kg1 Rcd8 40.f5 Qc5 41.
Qf2 Qxf2+ 42.Kxf2 gxf5 43.exf5 d5 44.cxd5 Nxd5 45.Nxd5 Rxd5 46.Rxd5 Bxd5 
47.g4 Rc8 48.Rd2 Nf6 49.g5 Ne4+ 50.Bxe4 Bxe4 51.fxe6 fxe6 52.Rd6 Rc6 53.
Rd8+ Kf7 54.h4 e5 55.b4 h6 56.b5 axb5 57.axb5 Rg6 58.Ng3 Bc2 59.Rd7+ Ke6 
60.Rc7 Bd3 61.Rc6+ Kf7 62.Rc7+ Ke6 63.h5 Rxg5 64.Rc6+ Kd7 1/2-1/2

[Event "12th American Continental"]
[Site "Medellin COL"]
[Date "2017.06.13"]
[Round "5.35"]
[White "Martinez Romero, Martin"]
[Black "Brizuela Abreu, Reivis Gabriel"]
[Result "1-0"]
[WhiteElo "2427"]
[BlackElo "2219"]
[EventDate "2017.06.10"]
[PlyCount "107"]

1.c4 e6 2.Nc3 d5 3.d4 c5 4.cxd5 exd5 5.Nf3 Nc6 6.g3 Nf6 7.Bg2 Be7 8.O-O 
O-O 9.Be3 Qa5 10.dxc5 Bxc5 11.Nd4 Bxd4 12.Bxd4 Nxd4 13.Qxd4 Be6 14.b4 Qb6 
15.Rfd1 Rfd8 16.Qxb6 axb6 17.Rd4 Kf8 18.Rad1 Ra3 19.Nxd5 Rxd5 20.Bxd5 Nxd5
21.Rxd5 Bxd5 22.Rxd5 Rxa2 23.e3 Rc2 24.Kg2 Ke7 25.h4 Rc4 26.Rb5 Rc6 27.h5 
h6 28.f4 Kd7 29.Kf3 Rd6 30.g4 Rc6 31.g5 Ke7 32.Re5+ Kd7 33.gxh6 Rxh6 34.
Rg5 Ke7 35.Ke4 Kf8 36.Kd4 Rc6 37.e4 Rc1 38.Rb5 Rc6 39.Rd5 Ke7 40.Rb5 Kf8 
41.Ke3 Rc3+ 42.Kf2 Rc4 43.Kf3 Rc3+ 44.Kg4 Rc6 45.e5 Kg8 46.Rd5 Kf8 47.Rd8+
Ke7 48.Rb8 Rc7 49.Kf5 b5 50.Rg8 Rc4 51.Rxg7 Kf8 52.Rg1 Rc6 53.Rd1 Kg7 54.
Rd5 1-0

[Event "12th American Continental"]
[Site "Medellin COL"]
[Date "2017.06.13"]
[Round "5.36"]
[White "Franco Valencia, Beatriz Irene"]
[Black "Fernandez, Fernando"]
[Result "1/2-1/2"]
[WhiteElo "2173"]
[BlackElo "2416"]
[EventDate "2017.06.10"]
[PlyCount "82"]

1.d4 Nf6 2.c4 e6 3.Nf3 d5 4.e3 a6 5.a3 dxc4 6.Bxc4 b5 7.Bd3 Bb7 8.Nc3 c5 
9.O-O Nbd7 10.Qe2 cxd4 11.exd4 Be7 12.Bf4 O-O 13.Rfd1 Rc8 14.Rac1 Nb6 15.
Bb1 Nbd5 16.Nxd5 Qxd5 17.Be5 Rfd8 18.Bc7 Re8 19.Be5 Red8 20.Bc7 Re8 21.Be5
Ne4 22.Rxc8 Rxc8 23.Ne1 Nd6 24.f3 Nc4 25.h3 Nxe5 26.dxe5 Qc5+ 27.Kh1 g6 
28.Nd3 Qc4 29.Rc1 Qb3 30.Rxc8+ Bxc8 31.Qc2 Qc4 32.Qxc4 bxc4 33.Nb4 Bg5 34.
Ba2 Bc1 35.Bxc4 Bxb2 36.Bxa6 Bxa6 37.Nxa6 Bxa3 38.Nb8 Bb2 39.Nd7 g5 40.g4 
Kg7 41.Kg2 Bd4 1/2-1/2